| 000 | 01377cam a2200265 4500 | ||
|---|---|---|---|
| 001 | L159544 | ||
| 008 | 050720n2017 000 0 eng u | ||
| 020 | _a9781848064294 | ||
| 035 | _a(Sirsi) u159544 | ||
| 041 | 0 | _aeng | |
| 050 | 0 | 4 | _a690.25 $2 18 |
| 100 | 1 | _aBonshor, R. | |
| 245 | _aCracking in buildings | ||
| 250 | _a2nd ed. | ||
| 260 |
_aWatford _bBRE _c2016 |
||
| 300 | _a96p. | ||
| 490 |
_aBRE BR _vBR 292 |
||
| 520 | _aSets out basic information on the science of materials behaviour, which is relevant to understanding how and why cracks occur. Given that understanding, much can be done to avoid their occurrence, and to diagnose their cause and repair them so that they do not recur. This second edition updates references and any aspects of the methodology that have changed since the first edition was published. It is hoped that readers will find merit in this book in that it collects relevant information into one source, treats cracking in buildings as a subject in its own right and provides a systematic approach to whatever is the reader's role in the building business. Its content should therefore be of interest to all who own, occupy, design, build and maintain buildings. | ||
| 650 | 2 | 4 | _aCRACKING |
| 650 | 2 | 4 | _aBUILDING FAILURES |
| 651 | 4 | _aENGLAND AND WALES | |
| 700 | 1 | _aBonshor, L.L. | |
| 700 | 1 | _aSadgrove, Roger | |
| 942 | _n0 | ||
| 999 |
_c115985 _d115985 |
||